| 000 | 01052nam a22003377a 4500 | ||
|---|---|---|---|
| 001 | 0065576 | ||
| 003 | KOHA_MİRAKIL | ||
| 005 | 20260207004606.0 | ||
| 007 | ta | ||
| 008 | 200612b2019 tu |||gr||||#0|||0|tur | | ||
| 020 | _a9786050112320 | ||
| 040 |
_aTR-BiSEU _btur _cTR-BiSEU _erda |
||
| 041 | 0 | _atur | |
| 044 | _ctu | ||
| 050 |
_aTA775 _b.O95 2019 |
||
| 100 | 1 | _aÖzkan, M. Yener. | |
| 245 | 1 |
_aDinamik yüklere maruz temellerin tasarımına giriş/ _cM. Yener Özkan ; M. Yener Özkan. |
|
| 250 | _aİkinci baskı | ||
| 264 | 1 |
_aAnkara : _bTMMOB İnşaat Mühendisleri Odası _c2019 |
|
| 300 |
_aIX, 155 sayfa :resimli ; _c24 cm. |
||
| 336 |
_ametin _btxt _2rdacontent |
||
| 337 |
_aaracısız _bn _2rdamedia |
||
| 338 |
_acilt _bnc _2rdacarrier |
||
| 500 | _aKaynakça var. | ||
| 650 | 0 |
_aTemeller--Tasarım ve yapım. _9122994 |
|
| 650 | 0 |
_aMakineler--Temeller. _9122995 |
|
| 650 | 0 |
_aFoundations--Design and construction. _9122996 |
|
| 650 | 0 |
_aMachinery--Foundations. _9122997 |
|
| 907 | _aMühendislik | ||
| 942 |
_2lcc _cBK |
||
| 999 |
_c65911 _d65911 |
||